<?xml version="1.0" encoding="UTF-8"?>
<record
    xmlns:xsi="http://www.w3.org/2001/XMLSchema-instance"
    xsi:schemaLocation="http://www.loc.gov/MARC21/slim http://www.loc.gov/standards/marcxml/schema/MARC21slim.xsd"
    xmlns="http://www.loc.gov/MARC21/slim">

  <leader>00678nam a22002297a 4500</leader>
  <controlfield tag="008">240609b        mp ||||| |||| 00| 0 mon d</controlfield>
  <datafield tag="020" ind1=" " ind2=" ">
    <subfield code="a">99929-0-472-0</subfield>
  </datafield>
  <datafield tag="035" ind1=" " ind2=" ">
    <subfield code="a">413</subfield>
  </datafield>
  <datafield tag="040" ind1=" " ind2=" ">
    <subfield code="a">HUV0167120</subfield>
    <subfield code="b">mon</subfield>
    <subfield code="c">MN-UlNLM</subfield>
    <subfield code="d">MN-UlNLM</subfield>
    <subfield code="e">rda</subfield>
  </datafield>
  <datafield tag="041" ind1=" " ind2=" ">
    <subfield code="a">mon</subfield>
  </datafield>
  <datafield tag="042" ind1=" " ind2=" ">
    <subfield code="a">441</subfield>
  </datafield>
  <datafield tag="084" ind1=" " ind2=" ">
    <subfield code="2">NNA</subfield>
    <subfield code="a">28.6</subfield>
    <subfield code="b">&#x41A;-921</subfield>
  </datafield>
  <datafield tag="100" ind1=" " ind2=" ">
    <subfield code="a">&#x41A;&#x443;&#x43F;&#x43F;&#x44D;&#x440; &#x425;.</subfield>
  </datafield>
  <datafield tag="245" ind1=" " ind2="0">
    <subfield code="a">&#x425;&#x43E;&#x432;&#x43E;&#x440;&#x434;&#x441;&#x43E;&#x43D; &#x430;&#x43D; &#x430;&#x43C;&#x44C;&#x442;&#x430;&#x43D;</subfield>
  </datafield>
  <datafield tag="264" ind1=" " ind2=" ">
    <subfield code="a">&#x423;&#x43B;&#x430;&#x430;&#x43D;&#x431;&#x430;&#x430;&#x442;&#x430;&#x440;</subfield>
    <subfield code="b">&#x410;&#x434;&#x43C;&#x43E;&#x43D; &#x425;&#x425;&#x41A;</subfield>
    <subfield code="c">2007</subfield>
  </datafield>
  <datafield tag="300" ind1=" " ind2=" ">
    <subfield code="a">20&#x445;.</subfield>
  </datafield>
  <datafield tag="336" ind1=" " ind2=" ">
    <subfield code="2">rdacontent</subfield>
    <subfield code="a">text</subfield>
    <subfield code="b">txt</subfield>
  </datafield>
  <datafield tag="337" ind1=" " ind2=" ">
    <subfield code="2">rdamedia</subfield>
    <subfield code="a">unmediated</subfield>
    <subfield code="b">n</subfield>
  </datafield>
  <datafield tag="338" ind1=" " ind2=" ">
    <subfield code="2">rdacarrier</subfield>
    <subfield code="a">volume</subfield>
    <subfield code="b">nc</subfield>
  </datafield>
  <datafield tag="490" ind1=" " ind2=" ">
    <subfield code="a">&#x425;&#x4AF;&#x4AF;&#x445;&#x434;&#x438;&#x439;&#x43D; &#x442;&#x430;&#x43D;&#x438;&#x43D; &#x43C;&#x44D;&#x434;&#x44D;&#x445;&#x4AF;&#x439;&#x43D; &#x446;&#x443;&#x432;&#x440;&#x430;&#x43B;</subfield>
  </datafield>
  <datafield tag="942" ind1=" " ind2=" ">
    <subfield code="2">NNA</subfield>
    <subfield code="c">BK</subfield>
  </datafield>
  <datafield tag="952" ind1=" " ind2=" ">
    <subfield code="0">0</subfield>
    <subfield code="1">0</subfield>
    <subfield code="4">0</subfield>
    <subfield code="6">286_&#x41A;921</subfield>
    <subfield code="7">0</subfield>
    <subfield code="8">HUV011</subfield>
    <subfield code="a">HUV0167120</subfield>
    <subfield code="b">HUV0167120</subfield>
    <subfield code="c">HUV011</subfield>
    <subfield code="d">2024-06-09</subfield>
    <subfield code="g">1000.00</subfield>
    <subfield code="l">0</subfield>
    <subfield code="o">28.6  &#x41A;-921</subfield>
    <subfield code="p">HUV01413-1</subfield>
    <subfield code="r">2024-06-09</subfield>
    <subfield code="t">45433</subfield>
    <subfield code="y">BK</subfield>
  </datafield>
  <datafield tag="952" ind1=" " ind2=" ">
    <subfield code="0">0</subfield>
    <subfield code="1">0</subfield>
    <subfield code="4">0</subfield>
    <subfield code="6">286_&#x41A;921</subfield>
    <subfield code="7">0</subfield>
    <subfield code="8">HUV012</subfield>
    <subfield code="a">HUV0167120</subfield>
    <subfield code="b">HUV0167120</subfield>
    <subfield code="c">HUV012</subfield>
    <subfield code="d">2024-06-09</subfield>
    <subfield code="g">625.00</subfield>
    <subfield code="l">0</subfield>
    <subfield code="o">28.6  &#x41A;-921</subfield>
    <subfield code="p">HUV01413-1-1</subfield>
    <subfield code="r">2024-06-09</subfield>
    <subfield code="t">127</subfield>
    <subfield code="y">BK</subfield>
  </datafield>
  <datafield tag="952" ind1=" " ind2=" ">
    <subfield code="0">0</subfield>
    <subfield code="1">0</subfield>
    <subfield code="4">0</subfield>
    <subfield code="6">286_&#x41A;921</subfield>
    <subfield code="7">0</subfield>
    <subfield code="8">HUV011</subfield>
    <subfield code="a">HUV0167120</subfield>
    <subfield code="b">HUV0167120</subfield>
    <subfield code="c">HUV011</subfield>
    <subfield code="d">2024-06-09</subfield>
    <subfield code="g">625.00</subfield>
    <subfield code="l">0</subfield>
    <subfield code="o">28.6  &#x41A;-921</subfield>
    <subfield code="p">HUV01413-2</subfield>
    <subfield code="r">2024-06-09</subfield>
    <subfield code="t">126</subfield>
    <subfield code="y">BK</subfield>
  </datafield>
  <datafield tag="952" ind1=" " ind2=" ">
    <subfield code="0">0</subfield>
    <subfield code="1">0</subfield>
    <subfield code="4">0</subfield>
    <subfield code="6">286_&#x41A;921</subfield>
    <subfield code="7">0</subfield>
    <subfield code="8">HUV013</subfield>
    <subfield code="a">HUV0167120</subfield>
    <subfield code="b">HUV0167120</subfield>
    <subfield code="c">HUV013</subfield>
    <subfield code="d">2024-06-09</subfield>
    <subfield code="g">625.00</subfield>
    <subfield code="l">0</subfield>
    <subfield code="o">28.6  &#x41A;-921</subfield>
    <subfield code="p">HUV01413-2-1</subfield>
    <subfield code="r">2024-06-09</subfield>
    <subfield code="t">132</subfield>
    <subfield code="y">BK</subfield>
  </datafield>
  <datafield tag="952" ind1=" " ind2=" ">
    <subfield code="0">0</subfield>
    <subfield code="1">0</subfield>
    <subfield code="4">0</subfield>
    <subfield code="6">286_&#x41A;921</subfield>
    <subfield code="7">0</subfield>
    <subfield code="8">HUV013</subfield>
    <subfield code="a">HUV0167120</subfield>
    <subfield code="b">HUV0167120</subfield>
    <subfield code="c">HUV013</subfield>
    <subfield code="d">2024-06-09</subfield>
    <subfield code="g">625.00</subfield>
    <subfield code="l">0</subfield>
    <subfield code="o">28.6  &#x41A;-921</subfield>
    <subfield code="p">HUV01413-2-2</subfield>
    <subfield code="r">2024-06-09</subfield>
    <subfield code="t">129</subfield>
    <subfield code="y">BK</subfield>
  </datafield>
  <datafield tag="952" ind1=" " ind2=" ">
    <subfield code="0">0</subfield>
    <subfield code="1">0</subfield>
    <subfield code="4">0</subfield>
    <subfield code="6">286_&#x41A;921</subfield>
    <subfield code="7">0</subfield>
    <subfield code="8">HUV013</subfield>
    <subfield code="a">HUV0167120</subfield>
    <subfield code="b">HUV0167120</subfield>
    <subfield code="c">HUV013</subfield>
    <subfield code="d">2024-06-09</subfield>
    <subfield code="g">625.00</subfield>
    <subfield code="l">0</subfield>
    <subfield code="o">28.6  &#x41A;-921</subfield>
    <subfield code="p">HUV01413-2-3</subfield>
    <subfield code="r">2024-06-09</subfield>
    <subfield code="t">130</subfield>
    <subfield code="y">BK</subfield>
  </datafield>
  <datafield tag="952" ind1=" " ind2=" ">
    <subfield code="0">0</subfield>
    <subfield code="1">0</subfield>
    <subfield code="4">0</subfield>
    <subfield code="6">286_&#x41A;921</subfield>
    <subfield code="7">0</subfield>
    <subfield code="8">HUV013</subfield>
    <subfield code="a">HUV0167120</subfield>
    <subfield code="b">HUV0167120</subfield>
    <subfield code="c">HUV013</subfield>
    <subfield code="d">2024-06-09</subfield>
    <subfield code="g">625.00</subfield>
    <subfield code="l">0</subfield>
    <subfield code="o">28.6  &#x41A;-921</subfield>
    <subfield code="p">HUV01413-2-4</subfield>
    <subfield code="r">2024-06-09</subfield>
    <subfield code="t">131</subfield>
    <subfield code="y">BK</subfield>
  </datafield>
  <datafield tag="952" ind1=" " ind2=" ">
    <subfield code="0">0</subfield>
    <subfield code="1">0</subfield>
    <subfield code="4">0</subfield>
    <subfield code="6">286_&#x41A;921</subfield>
    <subfield code="7">0</subfield>
    <subfield code="8">HUV014</subfield>
    <subfield code="a">HUV0167120</subfield>
    <subfield code="b">HUV0167120</subfield>
    <subfield code="c">HUV014</subfield>
    <subfield code="d">2024-06-09</subfield>
    <subfield code="g">625.00</subfield>
    <subfield code="l">0</subfield>
    <subfield code="o">28.6  &#x41A;-921</subfield>
    <subfield code="p">HUV01413-3-1</subfield>
    <subfield code="r">2024-06-09</subfield>
    <subfield code="t">128</subfield>
    <subfield code="y">BK</subfield>
  </datafield>
  <datafield tag="999" ind1=" " ind2=" ">
    <subfield code="c">860689</subfield>
    <subfield code="d">860746</subfield>
  </datafield>
</record>
